01818cam a22004094i 4500003000900000005001700009008004100026020001800067020001500085035002000100040003300120082001700153100004100170245009100211264007700302300003800379336002100417337002500438338002300463505072700486526001001213526001001223526000901233526000901242526000901251526000901260526000901269526000901278526000901287526000801296526000801304526000801312526000801320526000801328650003201336650004001368PE-LiUPU20250731165434.0160306s2014 cau r 000 0 spa d a9781499548433 a1499548435 a(Sirsi) a156400 aPE-LiUPUbspacPE-LiUPUerda04a025.524bC121 aCaamaño, César Andrés,eautor.10aSiete simples pasos para encontrar literatura cientfica /cCésar Andrés Caamaño. 1aSan Bernardino, California :bPsykhé Centro de investigaciones,c2014. a38 páginas ;c23 centímetros. atext2rdacontent aunmediated2rdamedia avolume2rdacarrier0 aEligiendo el tema de investigacion -- Cómo definir el tema de investigación -- Fuentes rápidas de información general -- Reglas para localizar la literatura relevante -- Utilizar fuentes primarias -- Priorizar el uso de literatura revisada por pares -- Evitar la prensa popular -- Siete pasos para enconrtrar literatura cientifica -- Identificar las palabras clave -- Buscar en fuentes de referencia bibliograficas -- Identificar los autores clave sobre el tema -- Pedir pre-impresiones y re-impresiones a los autores clave -- Buscar en fuentes de referencia bibliograficas de otras disciplinas -- Revisar la tabla de contenido de las revistas cientificas clave -- Revisar la lista de referencias de los articulos. aSEG44 aSEG26 aP151 aP150 aP149 aP146 aP145 aP126 aP125 aP92 aP75 aP74 aP27 aP1504aBúsqueda bibliográfica.04aRecuperación de la información.